Estatísticas para Municípios do Ceará em um Mapa

Clique aqui para jogar o quiz

Estatísticas Gerais

  • Esse quiz foi jogado 2 616 vezes
  • A pontuação média é 96 de 184

Respostas no mapa

Respostas codificadas por cores de uma escala verde-vermelha no mapa do quiz de acordo com a % correta abaixo.
 

Estatísticas das Respostas

Município% Correto
Fortaleza
95%
Juazeiro do Norte
90%
Sobral
87%
Crato
85%
Caucaia
84%
Quixadá
79%
Maracanaú
78%
Quixeramobim
76%
Itapipoca
75%
Aquiraz
74%
Aracati
73%
Crateús
73%
Barbalha
72%
Iguatu
72%
Maranguape
72%
Horizonte
71%
Russas
71%
Beberibe
69%
Eusébio
69%
Limoeiro do Norte
69%
Canindé
68%
Icó
68%
Camocim
66%
Jaguaribe
66%
Cascavel
65%
Guaramiranga
65%
Santa Quitéria
65%
Jijoca de Jericoacoara
64%
Tauá
64%
Tianguá
64%
Viçosa do Ceará
64%
Pacajus
63%
Nova Russas
62%
Pacatuba
62%
São Gonçalo do Amarante
62%
Baturité
61%
Paracuru
61%
Trairi
61%
Ipu
60%
Redenção
60%
Acaraú
59%
Barro
59%
Granja
59%
Orós
59%
São Benedito
59%
Choró
58%
Amontada
57%
Itaitinga
57%
Morada Nova
57%
Ubajara
57%
Boa Viagem
56%
Brejo Santo
56%
Forquilha
56%
Fortim
56%
Mombaça
56%
Chorozinho
55%
Icapuí
54%
Jaguaribara
54%
Pacoti
54%
Santana do Acaraú
54%
Senador Pompeu
54%
Tabuleiro do Norte
54%
Uruburetama
54%
Várzea Alegre
54%
Alto Santo
53%
Itapajé
53%
Pindoretama
53%
Acopiara
52%
Cedro
52%
Hidrolândia
52%
Itarema
52%
Lavras da Mangabeira
52%
Quixelô
52%
Santana do Cariri
52%
Banabuiú
51%
Cruz
51%
Guaraciaba do Norte
51%
Ipueiras
51%
Jaguaruana
51%
Quixeré
51%
São Luís do Curu
51%
Solonópole
51%
Campos Sales
50%
Croatá
50%
Farias Brito
50%
Mauriti
50%
Paraipaba
50%
Pedra Branca
50%
Umirim
50%
Varjota
50%
Barroquinha
49%
Guaiúba
49%
Marco
49%
Missão Velha
49%
Piquet Carneiro
49%
Reriutaba
49%
Abaiara
48%
Aracoiaba
48%
Assaré
48%
Caririaçu
48%
Chaval
48%
Independência
48%
Milhã
48%
Palmácia
48%
Quiterianópolis
48%
Caridade
47%
Deputado Irapuan Pinheiro
47%
Frecheirinha
47%
Iracema
47%
Jaguaretama
47%
Jati
47%
Mulungu
47%
Nova Olinda
47%
Ocara
47%
Penaforte
47%
Araripe
46%
Catarina
46%
Ereré
46%
Granjeiro
46%
Madalena
46%
Meruoca
46%
Milagres
46%
Salitre
46%
Senador Sá
46%
Tururu
46%
Acarape
45%
Bela Cruz
45%
Capistrano
45%
Jardim
45%
Jucás
45%
Massapê
45%
Novo Oriente
45%
São João do Jaguaribe
45%
Cariré
44%
Ibiapina
44%
Irauçuba
44%
Pentecoste
44%
Tejuçuoca
44%
Uruoca
44%
Antonina do Norte
43%
Aurora
43%
Barreira
43%
Cariús
43%
Coreaú
43%
Groaíras
43%
Martinópole
43%
Monsenhor Tabosa
43%
Arneiroz
42%
Paramoti
42%
Pereiro
42%
Poranga
42%
Saboeiro
42%
Baixio
41%
Graça
41%
Miraíma
41%
Moraújo
41%
Morrinhos
41%
Parambu
41%
Pires Ferreira
41%
Tamboril
41%
Tarrafas
41%
Umari
41%
Alcântaras
40%
Carnaubal
40%
Catunda
40%
General Sampaio
40%
Ipaporanga
40%
Porteiras
40%
Aiuaba
39%
Aratuba
39%
Ibicuitinga
39%
Mucambo
39%
Altaneira
38%
Itatira
38%
Pacujá
38%
Apuiarés
37%
Ararendá
37%
Potengi
37%
Ibaretama
36%
Ipaumirim
36%
Itaiçaba
36%
Palhano
36%
Potiretama
35%
Itapiúna
30%

Distribuição das Pontuações

Percentil de Números Respondidos

Porcentagem de Pessoas com Cada Pontuação

Sua Pontuação Histórica

Você não jogou esse quiz